Представление документа в формате RUSMARC

Поле Инд. ПП Название Значение
Тип записи a
Библиографический уровень a
001 _ Контрольный номер RU/REP/BASE/00078140
005 _ Дата корректировки 20200422132400.4
200 a Заглавие Право и неправо: актуальные современные вопросы теории и практики
f Первые сведения об ответственности Ершов В.В.
210 a Место издания М.
c Издательство РАП
d Дата издания 2013
463 1 001RU/REP/BASE/00078011
1 2001
a Поиск баланса частных и публичных интересов в решениях международных и национальных судов
v С. 78-87
1 210
d 2013
610 a Ключевые слова ПРАВО, ИСТОЧНИКИ ПРАВА, ТЕОРИЯ ПРАВА, РАП, ПРАВОПОНИМАНИЕ
686 v Номер издания LBC/SL-A
2 Код системы rubbk
a Систематический индекс 67
700 _1 a Фамилия Ершов
b Имя В.В.
852 i Авторский знак П47
j Полочный индекс 67
901 w Контрольный № источника RU/REP/BASE/00078011
t Тип документа a